| 000 | 00998nam a22002417a 4500 | ||
|---|---|---|---|
| 005 | 20100607154230.0 | ||
| 008 | 100607t xxu||||| |||| 00| 0 hin d | ||
| 010 | _aHIN-89507 | ||
| 020 |
_a9789350001882 _c200.00 |
||
| 035 | _aHN-61853 | ||
| 037 | _bDBAD / PUB | ||
| 040 |
_aDPL _bHN |
||
| 082 | _a821 | ||
| 100 |
_aमैत्र, रेखा _918195 |
||
| 245 |
_aबेनाम रिश्ते / _cरेखा मैत्र |
||
| 246 |
_aBenaam Rishte _bby Rekha Maitra |
||
| 260 |
_aनई दिल्ली _bवाणी प्रकाशन _c2010 |
||
| 270 |
_a4695, 21-ए, दरियागंज _bनई दिल्ली _e110002 |
||
| 300 |
_a91पृ _c22सेमी (सजिल्द) |
||
| 650 |
_aहिन्दी कविता _9697 |
||
| 942 |
_2ddc _cHN _h821 _mमैत्ररे |
||
| 999 |
_c36612 _d36612 |
||